[Event "Perth op"]
[Site "Perth"]
[Date "2023.01.04"]
[Round "4"]
[White "Huang, Hui"]
[Black "Hernandez Mendez, Iker"]
[Result "0-1"]
[WhiteElo "1514"]
[BlackElo "1611"]
[PlyCount "120"]
[EventDate "2023.01.02"]
[EventType "swiss"]
[EventRounds "11"]
[EventCountry "AUS"]
[SourceTitle "CBM 212 Extra"]
[Source "ChessBase"]
[SourceDate "2023.03.31"]
[SourceVersion "1"]
[SourceVersionDate "2023.03.31"]
[SourceQuality "1"]

1. d4 Nf6 2. Bf4 g6 3. Nc3 d5 4. e3 Bg7 5. Be2 c6 6. a3 Nbd7 7. Nf3 0-0 8. h4 Qa5 9. Nd2 Re8 10. h5 e5 11. dxe5 Nxe5 12. hxg6 fxg6 13. f3 Nh5 14. Nb3 Qd8 15. Bxe5 Bxe5 16. Qd2 Bg3+ 17. Kd1 Nf6 18. Bd3 Qe7 19. e4 dxe4 20. Nxe4 Nxe4 21. fxe4 Bg4+ 22. Kc1 Rad8 23. Qc3 Be6 24. Nc5 Bf4+ 25. Kb1 Bf7 26. Bc4 Be5 27. Bxf7+ Qxf7 28. Qb3 Qxb3 29. Nxb3 Bg3 30. Rh3 Bf4 31. Ka2 Rxe4 32. Nc5 Re7 33. Nd3 Bd6 34. Rah1 Rf8 35. a4 Rff7 36. Kb3 Re4 37. Rg1 c5 38. Nc1 Rb4+ 39. Ka3 c4 40. Ka2 Rxa4+ 41. Kb1 Ra5 42. Ne2 Re5 43. Nc3 Rfe7 44. b3 Re1+ 45. Rxe1 Rxe1+ 46. Kb2 Rg1 47. Nd5 Be5+ 48. c3 Rxg2+ 49. Ka3 cxb3 50. Kxb3 Rg4 51. Re3 Rg5 52. Ne7+ Kf7 53. Nc8 a6 54. Rd3 Rg3 55. Rd7+ Ke6 56. Re7+ Kf5 57. Rf7+ Kg4 58. Ne7 Rxc3+ 59. Ka2 Rc7 60. Nxg6 hxg6 0-1

[Event "Perth op"]
[Site "Perth"]
[Date "2023.01.03"]
[Round "2"]
[White "Huang, Hui"]
[Black "Pimenov, Alex"]
[Result "0-1"]
[WhiteElo "1514"]
[BlackElo "1800"]
[PlyCount "84"]
[EventDate "2023.01.02"]
[EventType "swiss"]
[EventRounds "11"]
[EventCountry "AUS"]
[SourceTitle "CBM 212 Extra"]
[Source "ChessBase"]
[SourceDate "2023.03.31"]
[SourceVersion "1"]
[SourceVersionDate "2023.03.31"]
[SourceQuality "1"]

1. d4 Nf6 2. Bf4 g6 3. Nc3 d6 4. e4 Bg7 5. Qd2 0-0 6. 0-0-0 h5 7. f3 c6 8. Bh6 b5 9. Bxg7 Kxg7 10. h4 b4 11. Na4 Qa5 12. b3 Nbd7 13. Qg5 Qxg5+ 14. hxg5 Ne8 15. Nh3 Nc7 16. c3 bxc3 17. Nxc3 Ba6 18. Kb2 c5 19. dxc5 Nxc5 20. Nf4 Bb7 21. Bc4 Rfd8 22. b4 N5e6 23. Nxe6+ fxe6 24. Rhe1 Rac8 25. Bb3 Kf8 26. a4 d5 27. exd5 exd5 28. Rd4 Rd6 29. Re5 a6 30. f4 Ne6 31. Rdxd5 Bxd5 32. Nxd5 Re8 33. g3 Nd4 34. Nc3 Nxb3 35. Kxb3 Rd3 36. Kb2 Kf7 37. Ne4 Rb8 38. Nc5 Rxb4+ 39. Kc2 Rxg3 40. Re2 Rc4+ 41. Kb2 Rxc5 42. Re4 h4 0-1